<?xml version="1.0" encoding="UTF-8"?>
<record
    xmlns:xsi="http://www.w3.org/2001/XMLSchema-instance"
    xsi:schemaLocation="http://www.loc.gov/MARC21/slim http://www.loc.gov/standards/marcxml/schema/MARC21slim.xsd"
    xmlns="http://www.loc.gov/MARC21/slim">

  <leader>01156nam a22002537a 4500</leader>
  <controlfield tag="003">BDDh-ASL</controlfield>
  <controlfield tag="005">20231015031247.0</controlfield>
  <controlfield tag="008">200916s1979    b  ||||| b||| 00| 0 b   d</controlfield>
  <datafield tag="040" ind1=" " ind2=" ">
    <subfield code="a">BDDh-ASL</subfield>
    <subfield code="c">BDDh-ASL</subfield>
    <subfield code="d">BDDh-ASL</subfield>
  </datafield>
  <datafield tag="041" ind1=" " ind2=" ">
    <subfield code="a">bengali </subfield>
  </datafield>
  <datafield tag="082" ind1=" " ind2=" ">
    <subfield code="a">297.0955</subfield>
    <subfield code="b">HII</subfield>
  </datafield>
  <datafield tag="100" ind1="1" ind2=" ">
    <subfield code="a">&#x9B9;&#x9BF;&#x9B2;&#x9BE;&#x9B2;&#x9C0;, &#x9B6;&#x9C7;&#x996; &#x997;&#x9CB;&#x9B2;&#x9BE;&#x9AE; &#x9AE;&#x995;&#x9B8;&#x9C2;&#x9A6;</subfield>
    <subfield code="9">7682</subfield>
  </datafield>
  <datafield tag="245" ind1="1" ind2=" ">
    <subfield code="a">&#x987;&#x9B0;&#x9BE;&#x9A8; &#x993; &#x987;&#x9B8;&#x9B2;&#x9BE;&#x9AE;: </subfield>
    <subfield code="c">&#x9A4;&#x9BE;&#x9A6;&#x9C7;&#x9B0; &#x9AA;&#x9BE;&#x9B0;&#x9B8;&#x9CD;&#x9AA;&#x9B0;&#x9BF;&#x995; &#x9AA;&#x9CD;&#x9B0;&#x9AD;&#x9BE;&#x9AC; /</subfield>
  </datafield>
  <datafield tag="246" ind1=" " ind2=" ">
    <subfield code="a">Iran O Islam. </subfield>
  </datafield>
  <datafield tag="260" ind1=" " ind2=" ">
    <subfield code="a">&#x9B0;&#x9BE;&#x99C;&#x9B6;&#x9BE;&#x9B9;&#x9C0;: </subfield>
    <subfield code="b">&#x9B9;&#x9BF;&#x9B2;&#x9BE;&#x9B2;&#x9C0; &#x9AB;&#x9BE;&#x989;&#x9A8;&#x9CD;&#x9A1;&#x9C7;&#x9B6;&#x9A8;, </subfield>
    <subfield code="c">&#x9E7;&#x9EF;&#x9ED;&#x9EF;&#x964; </subfield>
  </datafield>
  <datafield tag="300" ind1=" " ind2=" ">
    <subfield code="c">&#x9E8;2 &#x9B8;&#x9C7;.&#x9AE;&#x9BF;.&#x964; </subfield>
  </datafield>
  <datafield tag="600" ind1=" " ind2=" ">
    <subfield code="2">&#x987;&#x9B0;&#x9BE;&#x9A8;</subfield>
  </datafield>
  <datafield tag="650" ind1=" " ind2="0">
    <subfield code="9">803</subfield>
    <subfield code="a">&#x987;&#x9B8;&#x9B2;&#x9BE;&#x9AE; &#x993; &#x987;&#x9B0;&#x9BE;&#x9A8; &#x9B8;&#x9AE;&#x9CD;&#x9AA;&#x9B0;&#x9CD;&#x995;</subfield>
    <subfield code="x">&#x987;&#x9B8;&#x9B2;&#x9BE;&#x9AE; &#x9A7;&#x9B0;&#x9CD;&#x9AE; </subfield>
  </datafield>
  <datafield tag="650" ind1=" " ind2="0">
    <subfield code="a">Islamic History (&#x987;&#x9B8;&#x9B2;&#x9BE;&#x9AE;&#x9C7;&#x9B0; &#x987;&#x9A4;&#x9BF;&#x9B9;&#x9BE;&#x9B8;), Islamic Civilization, &#x987;&#x9B8;&#x9B2;&#x9BE;&#x9AE;&#x9C0; &#x9B8;&#x9AD;&#x9CD;&#x9AF;&#x9A4;&#x9BE;, Isal&#x101;m&#x12B; sabhyat&#x101;</subfield>
    <subfield code="9">5885</subfield>
  </datafield>
  <datafield tag="650" ind1=" " ind2="0">
    <subfield code="a">&#x987;&#x9B8;&#x9B2;&#x9BE;&#x9AE; &#x9A7;&#x9B0;&#x9CD;&#x9AE; (Islamic Religion)</subfield>
    <subfield code="9">6085</subfield>
  </datafield>
  <datafield tag="650" ind1=" " ind2="0">
    <subfield code="a">Iran (&#x987;&#x9B0;&#x9BE;&#x9A8;)</subfield>
    <subfield code="9">6854</subfield>
  </datafield>
  <datafield tag="700" ind1="1" ind2=" ">
    <subfield code="a">&#x9AE;&#x9AE;&#x9A4;&#x9BE;&#x99C;&#x989;&#x9A6;&#x9CD;&#x9A6;&#x9C0;&#x9A8;, &#x9AE;&#x9C1;&#x9B9;&#x9BE;&#x9AE;&#x9CD;&#x9AE;&#x9A6; </subfield>
    <subfield code="9">7684</subfield>
  </datafield>
  <datafield tag="942" ind1=" " ind2=" ">
    <subfield code="2">ddc</subfield>
    <subfield code="c">BK</subfield>
  </datafield>
  <datafield tag="952" ind1=" " ind2=" ">
    <subfield code="0">0</subfield>
    <subfield code="1">0</subfield>
    <subfield code="2">ddc</subfield>
    <subfield code="4">0</subfield>
    <subfield code="7">0</subfield>
    <subfield code="8">NFIC</subfield>
    <subfield code="a">ASL</subfield>
    <subfield code="b">ASL</subfield>
    <subfield code="c">GEN</subfield>
    <subfield code="d">2023-03-25</subfield>
    <subfield code="e">Complimentary</subfield>
    <subfield code="l">0</subfield>
    <subfield code="o">297.0955 HII</subfield>
    <subfield code="p">119978</subfield>
    <subfield code="r">2023-03-25 00:00:00</subfield>
    <subfield code="t">C-1</subfield>
    <subfield code="w">2023-03-25</subfield>
    <subfield code="y">BK</subfield>
    <subfield code="z">Y-1979</subfield>
  </datafield>
  <datafield tag="999" ind1=" " ind2=" ">
    <subfield code="c">31335</subfield>
    <subfield code="d">31335</subfield>
  </datafield>
</record>
